Skład Widzewa Łódź 2018/19 - Statystyki

Ogólne statystyki
  • Ten quiz został rozwiązany 61 razy
  • Średni wynik to 8 z 29
Statystyki odpowiedzi
Hint Odpowiedź % Poprawnych
Bramkarz Patryk Wolański
75%
Pomocnik Daniel Mąka
71%
Pomocnik Mateusz Michalski
54%
Obrońca Daniel Tanżyna
50%
Pomocnik Dario Kristo
48%
Bramkarz Maciej Humerski
46%
Napastnik Rafał Wolsztyński
44%
Obrońca Sebastian Zieleniecki
44%
Napastnik Daniel Świderski
38%
Pomocnik Adam Radwański
35%
Pomocnik Michael Ameyaw
35%
Pomocnik Kohei Kato
29%
Obrońca Łukasz Turzyniecki
25%
Obrońca Marcin Kozłowski
25%
Pomocnik Konrad Gutowski
23%
Pomocnik Marcel Pięczek
23%
Napastnik Filip Mihaljević
19%
Napastnik Marcin Pieńkowski
19%
Napastnik Przemysław Banaszak
19%
Obrońca Tomasz Wełna
19%
Napastnik Kacper Falon
17%
Pomocnik Maciej Kazimierowicz
17%
Obrońca Radosław Sylwestrzak
15%
Napastnik Marek Zuziak
13%
Pomocnik Simonas Paulius
13%
Bramkarz Grzegorz Gibki
10%
Obrońca Mikołaj Gibas
8%
Obrońca Marcel Stefaniak
4%
Pomocnik Mateusz Miasopust
0%
Nie znaleziono quizów pasujących do podanych kryteriów
Rozkład punktacji
Procent ludzi z każdym wynikiem
Percentyl według liczby udzielonych odpowiedzi
Twoja historia wyników
Nie rozwiązałeś tego quizu